| 000 | 00000nas##2200000za#4500 |
| 001 | 9.508405 |
| 003 | CaOODSP |
| 005 | 20200331212548 |
| 007 | ta |
| 008 | 150406c1998||||xxc|| p #||||f| |0fre|d |
| 022 | |a1480-3801 |
| 040 | |aCaOODSP|bfre |
| 041 | |aeng |
| 041 | |afre |
| 043 | |an-cn--- |
| 086 | 1 |aEn1-28/1 |
| 110 | 1 |aCanada. |bEnvironnement Canada. |
| 245 | 10|aScience et environnement, bulletin |
| 260 | |aOttawa - Ontario : |bEnvironnement Canada |
| 310 | |aBimestriel |
| 362 | 1 |aNov./déc. 1997 -- mars/avril 2003 |
| 500 | |a«Présentera des informations importantes et d'actualité sur des sujets, comme les changement climatiques, le smog, la nature et les produits toxiques.»--Page 1. |
| 500 | |aTitre courant: Branchez-vous sur l'environnement. |
| 520 | 3 |aPrésentera des informations importantes et d'actualité sur des sujets, comme les changement climatiques, le smog, la nature et les produits toxiques.--Page 1 |
| 563 | |aCouverture souple |
| 691 | 07|aEnvironnement|2gcpds |
| 691 | 07|aSciences|2gcpds |
| 776 | 0#|tBulletin science et environnement |w(CaOODSP)9.501439 |
| 776 | 0#|tScience and the environment bulletin |w(CaOODSP)9.505040 |
| 791 | |tScience and the environment bulletin |eeng|w(CaOODSP)9.508404 |